000 01188nas a2200349 4500
001 BR2015004787
003 BR-BrBNA
005 20231205125646.0
007 ta
008 230509b bl.|||p| |||| 00| 00por d
040 _aBR-BrBNA
_bpor
_cBiblioteca Nacional de Agricultura
041 _a(Pt)
072 _aH20
100 1 _aMegeto, G.A.S.
100 1 _aOliveira, S.R. de M.
100 1 _aPonte, E.M. del
100 1 _aMeira, C.A.A.
245 1 _aÁrvore de decisão para classificação de ocorrências de ferrugem asiática em lavouras comerciais com base em variáveis meteorológicas
246 1 _aDecision tree for classification of soybean rust occurence in commercial crops based on weather variables
650 _aSOJA
650 _aFERRUGEM
650 _aDOENCA FUNGICA
650 _aDOENCA DE PLANTA
650 _aEPIDEMIOLOGIA
650 _aMETEOROLOGIA
650 _aTEMPERATURA
650 _aLEVANTAMENTO
773 0 _tEngenharia Agrícola (Brazil)
_xISSN 1809-4430
_g(May-Jun 2014), v. 34(3) p. 590-599
_wBR2015004787
856 4 0 _uhttp://www.scielo.br/pdf/eagri/v34n3/21.pdf
909 _a202311
_bLúcia
_c55
_dLúcia Elande
942 _2AGRIS
_n0
_cANA
999 _c245432
_d245432